000 00393 a2200133 4500
001 88155
082 _aPR 379
090 _c41565
_d41565
100 _aMansoor; Omar Amin advisor
245 _aStudy / analysis of brake system failure on super mushshak aircraft and to propose modified system
_nG-62
260 _aRisalpur
_bNUST
_c2007
300 _axxi, 40 p.
500 _aBE project reports
942 _aCAE NUST
_kPR 379
999 _c323228
_d323228